书目信息 |
| 题名: |
建筑装饰设计原理与实务
|
|
| 作者: | 孙来忠 , 王娟丽 , 王乐 编 | |
| 分册: | ||
| 出版信息: | 北京 机械工业出版社 2020.06 |
|
| 页数: | 139页 | |
| 开本: | 29cm | |
| 丛书名: | 高等职业教育建筑设计类专业系列教材 | |
| 单 册: | ||
| 中图分类: | TU238 | |
| 科图分类: | ||
| 主题词: | 建筑装饰--jian zhu zhuang shi--建筑设计--高等职业教育--教材 | |
| 电子资源: | ||
| ISBN: | 978-7-111-65522-0 | |
| 000 | 01240nam 2200277 450 | |
| 001 | 2057342092 | |
| 005 | 20201107155548.68 | |
| 010 | @a978-7-111-65522-0@dCNY49.00 | |
| 100 | @a20200729d2020 em y0chiy50 ea | |
| 101 | 0 | @achi |
| 102 | @aCN@b110000 | |
| 105 | @aa a 000yy | |
| 200 | 1 | @a建筑装饰设计原理与实务@Ajian zhu zhuang shi she ji yuan li yu shi wu@eMOOC版@f孙来忠, 王娟丽, 王乐编 |
| 210 | @a北京@c机械工业出版社@d2020.06 | |
| 215 | @a139页@c彩图@d29cm | |
| 225 | 2 | @a高等职业教育建筑设计类专业系列教材@Agao deng zhi ye jiao yu jian zhu she ji lei zhuan ye xi lie jiao cai |
| 320 | @a有书目 (第139页) | |
| 330 | @a本书的编写力求概念准确清楚, 理论简明扼要, 重点突出, 体现内容的连贯性和实用性, 并切实结合相关案例, 使广大读者更深刻地理解专业理论知识, 以指导工程实践。本书通过专题的解析模式, 以及装饰设计实务章节, 着重培养学生的方案设计和实际操作能力, 以便全面把握设计中的重点和设计思路。 | |
| 410 | 0 | @12001 @a高等职业教育建筑设计类专业系列教材 |
| 606 | 0 | @a建筑装饰@Ajian zhu zhuang shi@x建筑设计@x高等职业教育@j教材 |
| 690 | @aTU238@v5 | |
| 701 | 0 | @a孙来忠@Asun lai zhong@4编 |
| 701 | 0 | @a王娟丽@Awang juan li@4编 |
| 701 | 0 | @a王乐@Awang le@4编 |
| 801 | 0 | @aCN@b人天书店@c20201005 |
| 905 | @aZUCC@dTU238@eS939 | |
| 建筑装饰设计原理与实务:MOOC版/孙来忠, 王娟丽, 王乐编.-北京:机械工业出版社,2020.06 |
| 139页:彩图;29cm.-(高等职业教育建筑设计类专业系列教材) |
| ISBN 978-7-111-65522-0:CNY49.00 |
| 本书的编写力求概念准确清楚, 理论简明扼要, 重点突出, 体现内容的连贯性和实用性, 并切实结合相关案例, 使广大读者更深刻地理解专业理论知识, 以指导工程实践。本书通过专题的解析模式, 以及装饰设计实务章节, 着重培养学生的方案设计和实际操作能力, 以便全面把握设计中的重点和设计思路。 |
| ● |
| 相关链接 |
|
|
|
正题名:建筑装饰设计原理与实务
索取号:TU238/S939
 
预约/预借
| 序号 | 登录号 | 条形码 | 馆藏地/架位号 | 状态 | 备注 |
| 1 | 1486208 | 214862086 | 建筑库101/101建筑库 50排3列1层/ [索取号:TU238/S939] | 在馆 | |
| 2 | 1486209 | 214862095 | 建筑库101/101建筑库 50排3列1层/ [索取号:TU238/S939] | 在馆 |